000
00177 a2200097 4500
020
_a
9788424179380
041
_a
spa
100
_a
Say, Allen
245
_a
Te conleche
942
_c
BK
999
_c
6414
_d
6414